[Event "CZE-chT2B 1516"]
[Site "Czech Republic"]
[Date "2016.04.03"]
[Round "10.2"]
[White "Rydl, Jiri"]
[Black "Sochor, Jiri"]
[Result "1/2-1/2"]
[WhiteElo "2421"]
[BlackElo "2200"]
[PlyCount "86"]
[EventDate "2015.10.18"]
[EventType "team-tourn"]
[EventRounds "11"]
[EventCountry "CZE"]
[SourceTitle "EXT 2022"]
[Source "ChessBase"]
[SourceDate "2021.10.06"]
[SourceVersion "1"]
[SourceVersionDate "2021.10.06"]
[SourceQuality "1"]
[WhiteTeam "Jicin II"]
[BlackTeam "Decin"]
[WhiteTeamCountry "CZE"]
[BlackTeamCountry "CZE"]

1. c4 Nf6 2. g3 c5 3. Bg2 g6 4. Nc3 Bg7 5. e3 d6 6. Nge2 Nbd7 7. 0-0 0-0 8. b3 Rb8 9. Bb2 a6 10. a4 b6 11. d4 Bb7 12. d5 Ne8 13. Qd2 Nc7 14. h4 Bc8 15. Ne4 Ne5 16. Nf4 Bf5 17. Nd3 Nxd3 18. Bxg7 Kxg7 19. Qxd3 b5 20. axb5 axb5 21. Qc3+ f6 22. b4 bxc4 23. bxc5 Nxd5 24. Qc1 Nb4 25. cxd6 Bxe4 26. Bxe4 Qxd6 27. Qxc4 Rfc8 28. Qe2 Nd5 29. Bf3 Nc3 30. Qa6 Qxa6 31. Rxa6 Rc7 32. Kg2 Kf8 33. Ra5 Rb1 34. Rxb1 Nxb1 35. h5 Kg7 36. hxg6 hxg6 37. Ra8 Nc3 38. Ra5 e6 39. Ra6 Kf7 40. Bc6 Ke7 41. Kf3 Nd5 42. Bxd5 exd5 43. g4 g5 1/2-1/2

[Event "CZE-chT2B 1415"]
[Site "Czech Republic"]
[Date "2015.01.11"]
[Round "5.3"]
[White "Sochor, Jiri"]
[Black "Petr, Jan"]
[Result "1-0"]
[WhiteElo "2243"]
[BlackElo "2119"]
[PlyCount "101"]
[EventDate "2014.11.02"]
[EventType "team-tourn"]
[EventRounds "11"]
[EventCountry "CZE"]
[SourceTitle "EXT 2022"]
[Source "ChessBase"]
[SourceDate "2021.10.06"]
[SourceVersion "1"]
[SourceVersionDate "2021.10.06"]
[SourceQuality "1"]
[WhiteTeam "Decin"]
[BlackTeam "Mlada Boleslav"]
[WhiteTeamCountry "CZE"]
[BlackTeamCountry "CZE"]

1. e4 e5 2. Nf3 Nf6 3. Nxe5 d6 4. Nf3 Nxe4 5. Nc3 Nxc3 6. dxc3 Be7 7. Be3 Nc6 8. Qd2 0-0 9. 0-0-0 Re8 10. h3 Bf6 11. Nd4 Nxd4 12. cxd4 Bf5 13. Rg1 c5 14. dxc5 dxc5 15. Qxd8 Rexd8 16. Bc4 b6 17. Bd5 Rac8 18. g4 Be6 19. Bxe6 fxe6 20. c3 Kf7 21. Kc2 Rd5 22. a4 a6 23. c4 Rdd8 24. Rxd8 Rxd8 25. b4 Bd4 26. Rd1 e5 27. bxc5 bxc5 28. Rb1 Bxe3 29. fxe3 e4 30. Rf1+ Kg6 31. Rf4 Rd3 32. Rxe4 Ra3 33. Re5 Rxa4 34. Kd3 Ra1 35. Rxc5 Rh1 36. Ra5 Rxh3 37. Rxa6+ Kg5 38. c5 Rh1 39. Ra2 g6 40. Rc2 Rd1+ 41. Rd2 Rc1 42. Rc2 Rd1+ 43. Ke4 Kxg4 44. c6 Rd8 45. c7 Rc8 46. Kd5 Kf3 47. e4 g5 48. e5 g4 49. Kd6 g3 50. Kd7 g2 51. Rc1 1-0

[Event "CZE-chT2B 1011"]
[Site "Czech Republic"]
[Date "2011.02.20"]
[Round "8.2"]
[White "Sochor, Jiri"]
[Black "Fajman, Petr"]
[Result "0-1"]
[WhiteElo "2293"]
[BlackElo "2230"]
[PlyCount "48"]
[EventDate "2010.10.17"]
[EventType "team-tourn"]
[EventRounds "11"]
[EventCountry "CZE"]
[SourceTitle "EXT 2012"]
[Source "ChessBase"]
[SourceDate "2011.11.24"]
[SourceVersion "1"]
[SourceVersionDate "2011.11.24"]
[SourceQuality "1"]
[WhiteTeam "Usti nad Labem"]
[BlackTeam "Praha Dukla"]
[WhiteTeamCountry "CZE"]
[BlackTeamCountry "CZE"]

1. Nf3 Nf6 2. b3 d6 3. Bb2 e5 4. c4 Nc6 5. e3 Be7 6. d4 e4 7. Nfd2 Bf5 8. Nc3 0-0 9. Be2 Re8 10. g4 Bg6 11. h4 h6 12. a3 Bf8 13. Qc2 Nxd4 14. exd4 e3 15. Qd1 exd2+ 16. Kxd2 d5 17. c5 c6 18. Qg1 Bxc5 19. dxc5 d4 20. Na4 Ne4+ 21. Kc1 d3 22. f3 dxe2 23. fxe4 Bxe4 24. Rh3 Bg2 0-1

[Event "CZE-chT2B 0910"]
[Site "Czech Republic"]
[Date "2009.11.08"]
[Round "2.3"]
[White "Sochor, Jiri"]
[Black "Krejcik, Jiri"]
[Result "1-0"]
[WhiteElo "2301"]
[BlackElo "2103"]
[PlyCount "119"]
[EventDate "2009.10.18"]
[EventType "team-tourn"]
[EventRounds "11"]
[EventCountry "CZE"]
[SourceTitle "EXT 2012"]
[Source "ChessBase"]
[SourceDate "2011.11.24"]
[SourceVersion "1"]
[SourceVersionDate "2011.11.24"]
[SourceQuality "1"]
[WhiteTeam "Usti nad Labem"]
[BlackTeam "Karlovy Vary"]
[WhiteTeamCountry "CZE"]
[BlackTeamCountry "CZE"]

1. e4 d6 2. d4 Nd7 3. c4 Ngf6 4. Nc3 c5 5. d5 g6 6. f4 a6 7. Nf3 Bg7 8. Be2 0-0 9. 0-0 Qc7 10. f5 Ng4 11. h3 Nge5 12. Be3 Nxf3+ 13. Rxf3 Ne5 14. Rf2 Rb8 15. a4 b6 16. Qd2 Bd7 17. Bh6 f6 18. Be3 Kf7 19. g4 g5 20. h4 h6 21. Rh2 Rh8 22. Kg2 Rbg8 23. Rah1 Qc8 24. Bf2 Kf8 25. Bg3 Nf7 26. Ra1 gxh4 27. Rxh4 h5 28. gxh5 Bh6 29. Qc2 Rg7 30. Kh2 Bg5 31. Rh3 Nh6 32. Rf1 Rhg8 33. Qd3 Nf7 34. b3 Bh6 35. Rg1 Ne5 36. Qc2 Kf7 37. Nd1 Ng4+ 38. Kh1 Bf4 39. Be1 Nh6 40. Rg6 Nxf5 41. Bg4 Ng3+ 42. Rxg3 Bxg3 43. Bxd7 Qxd7 44. Bxg3 Rxg6 45. hxg6+ Rxg6 46. Kg2 b5 47. axb5 axb5 48. Ne3 bxc4 49. bxc4 Rh6 50. Nf5 Rh8 51. Qd1 Qa7 52. Qg4 Qa2+ 53. Kf3 Qb3+ 54. Ne3 Ra8 55. Qe6+ Kf8 56. Bf4 Ra3 57. Kg4 Ra1 58. Bh6+ Ke8 59. Qc8+ Kf7 60. Qf8+ 1-0

[Event "CZE-chT1W 0809"]
[Site "Czech Republic"]
[Date "2008.11.16"]
[Round "3.3"]
[White "Kulhanek, Tomas"]
[Black "Sochor, Jiri"]
[Result "1-0"]
[WhiteElo "2409"]
[BlackElo "2325"]
[PlyCount "77"]
[EventDate "2008.10.19"]
[EventType "team-tourn"]
[EventRounds "11"]
[EventCountry "CZE"]
[SourceTitle "EXT 2010"]
[Source "ChessBase"]
[SourceDate "2010.11.25"]
[SourceVersion "1"]
[SourceVersionDate "2010.11.25"]
[SourceQuality "1"]
[WhiteTeam "Novoborsky II"]
[BlackTeam "Litomerice"]
[WhiteTeamCountry "CZE"]
[BlackTeamCountry "CZE"]

1. e4 e5 2. Nf3 Nc6 3. Bb5 a6 4. Ba4 Nf6 5. d3 d6 6. c3 Be7 7. 0-0 b5 8. Bc2 0-0 9. Re1 h6 10. Nbd2 Re8 11. d4 Bf8 12. h3 Bb7 13. a4 exd4 14. Nxd4 Nxd4 15. cxd4 c5 16. d5 Nd7 17. Nf3 g6 18. Rb1 Nf6 19. b4 c4 20. Nd4 Qd7 21. Bb2 Bg7 22. Bc3 Re7 23. Qf3 Ne8 24. Ra1 Nc7 25. axb5 axb5 26. Rxa8+ Bxa8 27. Ra1 Qe8 28. Qg3 Rd7 29. f4 Qb8 30. Kh1 Qb6 31. Nf5 Bxc3 32. Nxh6+ Kh7 33. Qxc3 Qb8 34. Ng4 Ne8 35. f5 Ra7 36. Rf1 Qd8 37. Qe3 Qe7 38. fxg6+ fxg6 39. Qh6+ 1-0

[Event "CZE-chT2b 0607"]
[Site "Czech Republic"]
[Date "2007.02.25"]
[Round "8"]
[White "Sochor, Jiri"]
[Black "Lorenc, Tomas"]
[Result "1-0"]
[WhiteElo "2280"]
[BlackElo "2150"]
[PlyCount "103"]
[EventDate "2006.10.15"]
[EventType "team"]
[EventRounds "11"]
[EventCountry "CZE"]
[SourceTitle "EXT 2009"]
[Source "ChessBase"]
[SourceDate "2008.11.26"]
[SourceVersion "1"]
[SourceVersionDate "2008.11.26"]
[SourceQuality "1"]

1. e4 d5 2. exd5 Qxd5 3. Nc3 Qa5 4. Bc4 Nf6 5. d3 c6 6. Bd2 Qc7 7. Qf3 Nbd7 8. h3 e6 9. Bb3 Bd6 10. Nge2 0-0 11. Ng3 Ne5 12. Qe2 Ng6 13. Nge4 Be5 14. Nxf6+ Bxf6 15. g3 b5 16. h4 Bb7 17. h5 Ne7 18. g4 Nd5 19. g5 Bxc3 20. bxc3 c5 21. Rh4 a5 22. c4 a4 23. cxd5 axb3 24. cxb3 Bxd5 25. Bc3 c4 26. dxc4 bxc4 27. b4 Ra3 28. Qd2 Qe7 29. Rg4 Bf3 30. Rxc4 Bxh5 31. Qb2 Qxg5 32. Qxa3 Qg1+ 33. Kd2 Qxf2+ 34. Kc1 Qf1+ 35. Kb2 Qxc4 36. Rg1 Bg6 37. Qa7 Rc8 38. Qe3 Qd5 39. a4 Qf5 40. Rc1 Qe4 41. Qxe4 Bxe4 42. Rg1 g6 43. b5 h5 44. a5 Bf3 45. b6 Bb7 46. Rd1 h4 47. Rd7 h3 48. Be5 Bc6 49. Rd6 Bb7 50. Rd7 Bc6 51. a6 f6 52. b7 1-0

[Event "CZE-chT2b 0607"]
[Site "Czech Republic"]
[Date "2006.11.05"]
[Round "2"]
[White "Sochor, Jiri"]
[Black "Janda, Zdenek"]
[Result "1-0"]
[WhiteElo "2280"]
[BlackElo "2180"]
[PlyCount "109"]
[EventDate "2006.10.15"]
[EventType "team"]
[EventRounds "11"]
[EventCountry "CZE"]
[SourceTitle "EXT 2009"]
[Source "ChessBase"]
[SourceDate "2008.11.26"]
[SourceVersion "1"]
[SourceVersionDate "2008.11.26"]
[SourceQuality "1"]

1. e4 g6 2. Nc3 Bg7 3. g3 d6 4. Bg2 Nf6 5. d3 Nc6 6. Nge2 e5 7. h3 0-0 8. Bg5 h6 9. Be3 Ne8 10. Qd2 Kh7 11. f4 Nd4 12. g4 Nxe2 13. Nxe2 exf4 14. Nxf4 Bxb2 15. Rb1 Bf6 16. 0-0 c6 17. c4 Nc7 18. d4 Bg7 19. d5 cxd5 20. exd5 Na6 21. Be4 Nc5 22. Bc2 f5 23. Nxg6 Kxg6 24. gxf5+ Kf7 25. f6 Bh8 26. Bxh6 Rg8+ 27. Bg7 Bxg7 28. fxg7+ Kxg7 29. Qd4+ Kh6+ 30. Kh2 Nd7 31. Rf7 Nf8 32. Qf4+ Qg5 33. Qxg5+ Rxg5 34. Rxf8 Re5 35. Rf6+ Kg5 36. Rg6+ Kh5 37. Rbg1 Re2+ 38. R6g2 Rxg2+ 39. Rxg2 b6 40. Rg7 Ba6 41. Bd3 Rc8 42. Rxa7 Bxc4 43. Bxc4 Rxc4 44. Rd7 Ra4 45. Rxd6 Rxa2+ 46. Kg3 Kg5 47. Rxb6 Ra3+ 48. Kg2 Kf4 49. h4 Ra2+ 50. Kf1 Ke5 51. d6 Ke6 52. h5 Rh2 53. h6 Kd7 54. h7 Ke6 55. d7+ 1-0

[Event "Bohemia South-chT 0405"]
[Site "Czech Republic"]
[Date "2004.??.??"]
[Round "?"]
[White "Dobes, Dusan"]
[Black "Sochor, Jiri"]
[Result "1/2-1/2"]
[WhiteElo "1990"]
[BlackElo "2155"]
[PlyCount "108"]
[EventDate "2004.10.??"]
[EventType "team"]
[EventRounds "11"]
[EventCountry "CZE"]
[SourceTitle "EXT 2007"]
[Source "ChessBase"]
[SourceDate "2006.11.23"]
[SourceVersion "1"]
[SourceVersionDate "2006.11.23"]
[SourceQuality "1"]

1. d4 Nf6 2. Nc3 g6 3. e4 d6 4. Bg5 Bg7 5. Be2 Nbd7 6. Qd2 c5 7. d5 a6 8. a4 Qa5 9. Ra2 Qb4 10. Ra3 0-0 11. f3 Nb6 12. a5 Nbd7 13. Qc1 b5 14. Bd2 Qd4 15. Be3 Qb4 16. Bd2 Qd4 17. Be3 Qb4 18. Kf2 Nxe4+ 19. fxe4 f5 20. exf5 Rxf5+ 21. Nf3 Nf6 22. Rd1 Ng4+ 23. Kg1 Nxe3 24. Qxe3 Qxb2 25. Rb3 Qxc2 26. Ne4 c4 27. Rbb1 Rf8 28. Rbc1 Qb2 29. Rb1 Qa2 30. Neg5 Bf5 31. Rbc1 Qxa5 32. Nd4 Be5 33. Nxf5 Rxf5 34. Bg4 Rxg5 35. Qxg5 Qb6+ 36. Kh1 Bf6 37. Qh6 Bg7 38. Be6+ Kh8 39. Qh4 Bf6 40. Qh6 Bg7 41. Qh3 Rf8 42. Rf1 Bf6 43. Rf4 Kg7 44. g4 h6 45. Qf3 g5 46. Rf5 Qd4 47. Rf1 c3 48. h4 Qd2 49. Rd1 Qb2 50. Qe3 gxh4 51. g5 Be5 52. Rxe5 c2 53. gxh6+ Kh8 54. Rc1 Qxe5 1/2-1/2